| 000 | 02035nam a22004697a 4500 | ||
|---|---|---|---|
| 003 | CHAP | ||
| 005 | 20220329135842.0 | ||
| 008 | 971013s1966 r 00010 d | ||
| 010 | _a43302 | ||
| 011 | _a44274 | ||
| 035 | _a48412 | ||
| 040 | _cCHAP | ||
| 082 |
_a630.717 _bF75 1966 |
||
| 100 | 0 | 0 |
_aFrías Morán, Hernán. _943518 |
| 245 | _aExtensión agrícola; principios y técnicas | ||
| 260 |
_aLima : _bIICA, Zona Andina, _c1966 |
||
| 300 |
_a604 p. _b: ilus. |
||
| 490 |
_aTextos y materiales de enseñanza _v; 8 |
||
| 590 |
_aBATCH-UPD _b10 _c20130110 _lUCH01 _h0207 |
||
| 590 |
_aBATCH-UPD _b10 _c20130110 _lUCH01 _h1916 |
||
| 590 |
_aBATCH-UPD _b10 _c20130409 _lUCH01 _h2220 |
||
| 590 |
_aBATCH-UPD _b10 _c20130410 _lUCH01 _h1243 |
||
| 590 |
_aBATCH-UPD _b10 _c20130914 _lUCH01 _h0602 |
||
| 590 |
_aCONVERSION _b10 _c20130109 _lUCH01 _h1324 |
||
| 650 | 1 | 4 |
_aExtensión agrícola. _939144 |
| 700 | 0 |
_aBeltrán, Luis Ramiro. _911479 |
|
| 700 | 0 |
_aRamsay Arce, Jorge. _994532 |
|
| 830 | 0 |
_aTextos y materiales de enseñanza _v; 8 _9112587 |
|
| 901 | _aBK | ||
| 942 | _cLIBRO | ||
| 949 |
_a630.717 F75 1966 _bBC _cLIBRO _d33724000035051 _eLIBRO _fc.5 _h19947 _i48412 _si |
||
| 949 |
_a630.717 F75 1966 _bBC _cLIBRO _d33724000035069 _eLIBRO _fc.6 _h19950 _i48412 _si |
||
| 949 |
_a630.717 F75 1966 _bBC _cLIBRO _d33724000035077 _eLIBRO _fc.7 _h19951 _i48412 _si |
||
| 949 |
_a630.717 F75 1966 _bBC _cLIBRO _d33724000035085 _eLIBRO _fc.9 _h19953 _i48412 _si |
||
| 949 |
_a630.717 F75 1966 _bBC _cLIBRO _d33724000035093 _eLIBRO _fc.11 _h19955 _i48412 _si |
||
| 949 |
_a630.717 F75 1966 _bBC _cLIBRO _d33724000035101 _eLIBRO _fc.12 _h19956 _i48412 _si |
||
| 949 |
_a630.717 F75 1966 _bBC _cLIBRO _d33724000035119 _eLIBRO _fc.14 _h19958 _i48412 _si |
||
| 949 |
_a630.717 F75 1966 _bBC _cLIBRO _d33724000035127 _eLIBRO _fc.3 _h19999 _i48412 _si |
||
| 949 |
_a630.717 F75 1966 _bBC _cLIBRO _d33724000035135 _eLIBRO _fc.2 _h19998 _i48412 _si |
||
| 949 |
_a630.717 F75 1966 _bBC _cLIBRO _d33724000035143 _eLIBRO _h19947 _i48412 _si |
||
| 949 |
_a630.717 F75 1966 _bBC _cMUT _d-153431 _eMUT _fc.8 _i48412 _si |
||
| 999 |
_c43302 _d43302 |
||